European Countries by Beer - Statistics

General Stats
  • This quiz has been taken 74 times
  • The average score is 13 of 34
Answer Stats
Beer Country % Correct
Guinness Ireland
84%
Peroni Italy
84%
Heineken Netherlands
80%
Carlsberg Denmark
76%
Mythos Greece
76%
Pilsner Urquell Czechia | Czech Republic
65%
Birra Tirana Albania
63%
Feldschlossen Switzerland
55%
Krombacher Germany
51%
Duvel Belgium
49%
Kronenbourg 1664 France
47%
Zlatý Bažant Slovakia
47%
Carling United Kingdom | UK
47%
Żubr Poland
45%
Baltika Russia
45%
Ožujsko Croatia
43%
Skopsko North Macedonia | Macedonia
43%
Super Bock Portugal
37%
Stiegl Austria
35%
Norrlands Guld Sweden
35%
Mahou Spain
33%
Chernihivske Ukraine
31%
Laško Slovenia
22%
Saku Estonia
18%
Švyturys Ekstra Lithuania
18%
Dreher Hungary
16%
Cisk Malta
16%
Mariestads Finland
14%
Ursus Romania
14%
Kaldi Blonde Iceland
12%
Preminger Bosnia and Herzegovina | Bosnia
10%
Aldaris Latvia
10%
Trebjesa Montenegro
10%
Battin Luxembourg
8%
No matching quizzes found
Score Distribution
Percent of People with Each Score
Percentile by Number Answered
Your Score History
You have not taken this quiz